000 00543nam a2200217Ia 4500
003 OSt
005 20220923230641.0
006 a|||||r|||| 00| 0
007 ta
008 Pun
024 _a288,591
037 _cTextual
040 _aARTS
_cARTS
_bPun
041 _2Pun
_aPun
082 _aQ2:1k, 153K3
100 _aਡੌਗਲ, ਚਕੌਲ
245 0 _aਹਿੰਦੂ ਸਿਖਿਹਾਸ ਕੋਸ
260 _c1963
942 _hQ2:1k, 153K3
_cTEXL
_2CC
999 _c386273
_d386273